| 000 | 00470nam a2200193Ia 4500 | ||
|---|---|---|---|
| 005 | 20140405091545.0 | ||
| 008 | 140130s9999 xx 000 0 und d | ||
| 020 | _a0590420445 | ||
| 050 |
_aPZ 7 _b.Y54 2006 |
||
| 100 |
_aYolen, Jane _930434 |
||
| 245 |
_cJane Yolen. _aOwl moon / |
||
| 260 |
_bScholastic, _c2006. _aUSA : |
||
| 300 |
_a30 p. : _bcol. ill. ; _c28 cm. |
||
| 440 |
_v1 _931091 |
||
| 521 | _aG4 | ||
| 526 | _c630 | ||
| 942 |
_cBK _2lcc |
||
| 999 |
_c40821 _d40821 |
||